| 000 | 00312 a2200097 4500 | ||
|---|---|---|---|
| 082 | _a363.125 COU | ||
| 245 |
_aCountermeasures That Work:a highway safety countermeasure guide for state highway safety offices / _cNHTSA |
||
| 250 | _a5th.ed. | ||
| 260 |
_aWashington: _cNHTSA, _b2010 |
||
| 300 |
_avariouse pages : _c27cm |
||
| 650 | _ahighway safety | ||
| 999 |
_c2333 _d2333 |
||